书目信息 |
| 题名: |
采购与供应链的管理
|
|
| 作者: | 罗伯特.M.蒙兹卡 ;刘秉镰 译 | |
| 分册: | ||
| 出版信息: | 北京 中信出版社 2003 |
|
| 页数: | 535 | |
| 开本: | 27cm | |
| 丛书名: | ||
| 单 册: | ||
| 中图分类: | F253.2 | |
| 科图分类: | ||
| 主题词: | 物资经济 | |
| 电子资源: | ||
| ISBN: | 7-5086-0061-4 | |
| 000 | 00636nam0 2200193 450 | |
| 001 | 0760515518 | |
| 005 | 20070817164835.51 | |
| 010 | @a7-5086-0061-4@d¥59.00 | |
| 100 | @a20070817d km y0chiy0120 ea | |
| 101 | 0 | @achi |
| 200 | 1 | @a采购与供应链的管理@Acai gou yu gong ying lian de guan li@f(美)罗伯特.M.蒙兹卡@F(mei)luo bo te.M.meng zi ka@g刘秉镰等译@Gliu bing lian deng yi |
| 210 | @a北京@c中信出版社@d2003 | |
| 215 | @a535@d27cm | |
| 606 | 0 | @a物资经济 |
| 690 | @aF253.2@v3 | |
| 701 | 0 | @a罗伯特.M.蒙兹卡@Aluo bo te.M.meng zi ka |
| 702 | 0 | @a刘秉镰@Aliu bing lian@4译 |
| 801 | 0 | @aCN@bPFT@c20070817 |
| 905 | @a213230@dF253.2@eg34@f1 | |
| 采购与供应链的管理/(美)罗伯特.M.蒙兹卡/刘秉镰等译.-北京:中信出版社,2003 |
| 535;27cm |
| ISBN 7-5086-0061-4:¥59.00 |
| ● |
| 相关链接 |
|
|
|
|
正题名:采购与供应链的管理
索取号:F253.2/g34
 
预约/预借
| 序号 | 登录号 | 条形码 | 馆藏地/架位号 | 状态 | 备注 |
| 1 | 6501905 | 265019053 | 密集书库-海洋学院/ [索取号:F253.2/g34] | 在馆 | |
| 2 | 6501906 | 265019062 | 密集书库-海洋学院/ [索取号:F253.2/g34] | 在馆 |